[Event "Marianske Lazne op Seniors"]
[Site "Marianske Lazne"]
[Date "2020.01.20"]
[Round "3"]
[White "Grichkevitch, Gilles"]
[Black "Koci, Vladimir1111"]
[Result "1-0"]
[WhiteElo "1985"]
[BlackElo "1607"]
[PlyCount "79"]
[EventDate "2020.01.18"]
[EventType "swiss"]
[EventRounds "9"]
[EventCountry "CZE"]
[SourceTitle "EXT 2022"]
[Source "ChessBase"]
[SourceDate "2021.10.06"]
[SourceVersion "1"]
[SourceVersionDate "2021.10.06"]
[SourceQuality "1"]

1. e4 Nf6 2. Nc3 d5 3. e5 d4 4. exf6 dxc3 5. fxg7 cxd2+ 6. Bxd2 Bxg7 7. Qf3 Qd6 8. Bc3 Rg8 9. Ne2 Nc6 10. Rd1 Qe6 11. Bxg7 Rxg7 12. Qc3 f6 13. g3 Qe4 14. Rg1 Bg4 15. h3 Ne5 16. Rd3 Nf3+ 17. Rxf3 Bxf3 18. g4 0-0-0 19. Rg3 Bxe2 20. Bxe2 Rg5 21. Kf1 Qh1+ 22. Rg1 Qd5 23. Bf3 Qb5+ 24. Kg2 Rc5 25. Qe3 Re5 26. Qxa7 Qa6 27. Qxa6 bxa6 28. b4 a5 29. a3 axb4 30. axb4 Rd2 31. Rc1 Kd7 32. c4 h6 33. c5 f5 34. b5 fxg4 35. hxg4 Rg5 36. b6 Kc8 37. b7+ Kb8 38. c6 Ra2 39. Rd1 Rb5 40. Rd8+ 1-0

[Event "Espalion op 3rd"]
[Site "Espalion"]
[Date "2018.07.20"]
[Round "8"]
[White "Charlier, Antoine"]
[Black "Grichkevitch, Gilles"]
[Result "0-1"]
[WhiteElo "1259"]
[BlackElo "1964"]
[PlyCount "70"]
[EventDate "2018.07.14"]
[EventType "swiss"]
[EventRounds "9"]
[EventCountry "FRA"]
[SourceTitle "CBM 185 Extra"]
[Source "ChessBase"]
[SourceDate "2018.07.29"]
[SourceVersion "1"]
[SourceVersionDate "2018.07.29"]
[SourceQuality "1"]

1. d4 Nf6 2. Nf3 g6 3. c4 Bg7 4. Nc3 d6 5. Bf4 0-0 6. e3 Nh5 7. Bg3 Nc6 8. a3 a5 9. Qc2 Bd7 10. Bd3 Re8 11. 0-0-0 a4 12. Nxa4 Nxd4 13. exd4 Bxa4 14. b3 Bd7 15. Qa2 c6 16. Rhe1 Nxg3 17. hxg3 Qa5 18. Kb2 c5 19. Be4 Ra7 20. Rd3 Bg4 21. Bd5 Bxf3 22. Rxf3 Qxe1 23. Bxf7+ Kh8 24. Bxe8 Qd2+ 25. Kb1 Qd1+ 26. Kb2 Bxd4+ 27. Rc3 Qd2+ 28. Kb1 Qxc3 29. Ba4 Qe1+ 30. Kc2 Qxf2+ 31. Kd3 Qxa2 32. Ke4 e6 33. Kf4 Qf2+ 34. Kg5 Qf5+ 35. Kh4 Qh5# 0-1

[Event "Espalion op 3rd"]
[Site "Espalion"]
[Date "2018.07.18"]
[Round "6"]
[White "Pascot, Jean"]
[Black "Grichkevitch, Gilles"]
[Result "0-1"]
[WhiteElo "1796"]
[BlackElo "1964"]
[PlyCount "74"]
[EventDate "2018.07.14"]
[EventType "swiss"]
[EventRounds "9"]
[EventCountry "FRA"]
[SourceTitle "CBM 185 Extra"]
[Source "ChessBase"]
[SourceDate "2018.07.29"]
[SourceVersion "1"]
[SourceVersionDate "2018.07.29"]
[SourceQuality "1"]

1. e4 c5 2. c3 Nf6 3. e5 Nd5 4. d4 cxd4 5. Bc4 Qc7 6. Qe2 Nb6 7. Bb3 d3 8. Qxd3 Qxe5+ 9. Ne2 Na6 10. Bf4 Qf6 11. Qe3 d6 12. Nd2 Nc5 13. Bc2 Nd5 14. Qf3 Nxf4 15. Nxf4 Bd7 16. 0-0-0 g5 17. Nd5 Qxf3 18. Nxf3 Ne6 19. Rhe1 0-0-0 20. Nd4 Nxd4 21. Rxd4 e6 22. Rc4+ Kb8 23. Nf6 Bc6 24. f3 h5 25. Nh7 Bh6 26. Kb1 d5 27. Rb4 a5 28. Rd4 Bg7 29. Rdd1 g4 30. Ng5 Rd7 31. f4 b5 32. Re2 Rhd8 33. Red2 Rb7 34. g3 b4 35. c4 a4 36. cxd5 exd5 37. Ne4 b3 0-1

[Event "Espalion op 3rd"]
[Site "Espalion"]
[Date "2018.07.17"]
[Round "5"]
[White "Grichkevitch, Gilles"]
[Black "Lanzani, Mario"]
[Result "0-1"]
[WhiteElo "1964"]
[BlackElo "2280"]
[PlyCount "58"]
[EventDate "2018.07.14"]
[EventType "swiss"]
[EventRounds "9"]
[EventCountry "FRA"]
[SourceTitle "CBM 185 Extra"]
[Source "ChessBase"]
[SourceDate "2018.07.29"]
[SourceVersion "1"]
[SourceVersionDate "2018.07.29"]
[SourceQuality "1"]

1. e4 c5 2. Nf3 e6 3. d4 cxd4 4. Nxd4 Nc6 5. Nc3 Qc7 6. f4 a6 7. Nxc6 Qxc6 8. Bd3 b5 9. e5 Bb7 10. Be4 Qc7 11. Qf3 Rb8 12. Bxb7 Qxb7 13. Ne4 f5 14. exf6 Nxf6 15. Nxf6+ gxf6 16. Qh5+ Kd8 17. Bd2 Qe4+ 18. Kd1 Bd6 19. Re1 Qxg2 20. a4 Ke7 21. f5 e5 22. axb5 axb5 23. Re2 Qd5 24. Kc1 Ra8 25. Rxa8 Rxa8 26. Qxh7+ Kd8 27. b3 Ra1+ 28. Kb2 Qd4+ 29. c3 Qg1 0-1

[Event "Espalion op 3rd"]
[Site "Espalion"]
[Date "2018.07.15"]
[Round "2"]
[White "Grichkevitch, Gilles"]
[Black "Griggio, Jean Paul"]
[Result "1-0"]
[WhiteElo "1964"]
[BlackElo "1752"]
[PlyCount "135"]
[EventDate "2018.07.14"]
[EventType "swiss"]
[EventRounds "9"]
[EventCountry "FRA"]
[SourceTitle "CBM 185 Extra"]
[Source "ChessBase"]
[SourceDate "2018.07.29"]
[SourceVersion "1"]
[SourceVersionDate "2018.07.29"]
[SourceQuality "1"]

1. e4 e5 2. Nf3 Nc6 3. Bc4 Be7 4. d4 exd4 5. Nxd4 d6 6. Nxc6 bxc6 7. e5 d5 8. Bd3 Bc5 9. Nc3 a5 10. Bf4 Qh4 11. Bg3 Qe7 12. Ne2 Nh6 13. 0-0 0-0 14. c4 Nf5 15. Bf4 g5 16. Bg3 Nxg3 17. Nxg3 Qxe5 18. cxd5 Bd6 19. Qh5 f5 20. Qxg5+ Qg7 21. Qxg7+ Kxg7 22. dxc6 Ba6 23. Rfd1 Bxd3 24. Rxd3 Ra6 25. Rc1 Rb6 26. b3 Rb5 27. Kf1 Kg6 28. Rc4 Rf6 29. f4 Rb6 30. Ne2 Ba3 31. Rd7 Rbxc6 32. Rxc7 Rcd6 33. Nd4 Bb2 34. Nf3 Rfe6 35. Kf2 Bf6 36. R4c5 Bd8 37. Ne5+ Kf6 38. R7c6 Rd2+ 39. Kf3 Rxa2 40. Rxe6+ Kxe6 41. Rc6+ Kd5 42. Rc8 Bf6 43. Nc4 Ra1 44. Ra8 Bc3 45. g3 Bb4 46. Re8 Bc3 47. Ne3+ Kd6 48. Nxf5+ Kd7 49. Re3 Bb4 50. g4 Rf1+ 51. Ke4 Ke6 52. g5 Rd1 53. Nd4+ Kf7 54. f5 Rc1 55. Rh3 Kg8 56. f6 Rg1 57. Rg3 Re1+ 58. Kd5 Rd1 59. h4 Ba3 60. h5 Bb2 61. Rg4 Kf7 62. g6+ hxg6 63. hxg6+ Kg8 64. Re4 Kf8 65. Kc4 Rc1+ 66. Kb5 Rc8 67. Ne6+ Kg8 68. f7+ 1-0

[Event "Espalion op 3rd"]
[Site "Espalion"]
[Date "2018.07.14"]
[Round "1"]
[White "Duvette, Michel"]
[Black "Grichkevitch, Gilles"]
[Result "0-1"]
[WhiteElo "1520"]
[BlackElo "1964"]
[PlyCount "82"]
[EventDate "2018.07.14"]
[EventType "swiss"]
[EventRounds "9"]
[EventCountry "FRA"]
[SourceTitle "CBM 185 Extra"]
[Source "ChessBase"]
[SourceDate "2018.07.29"]
[SourceVersion "1"]
[SourceVersionDate "2018.07.29"]
[SourceQuality "1"]

1. d4 Nf6 2. Bf4 g6 3. e3 Bg7 4. Nf3 d6 5. Be2 Nbd7 6. h3 0-0 7. 0-0 e6 8. Nbd2 Qe7 9. c3 b6 10. Re1 Bb7 11. Qc2 Rac8 12. Bg3 h6 13. Rad1 Nh5 14. Bh2 f5 15. Bd3 g5 16. Nf1 g4 17. hxg4 fxg4 18. N3d2 Nhf6 19. Ng3 h5 20. Bg6 h4 21. Nh5 h3 22. Nf4 e5 23. dxe5 dxe5 24. Qb3+ Kh8 25. Ne6 Bd5 26. Nxf8 Bxb3 27. Bf5 Rxf8 28. Nxb3 c5 29. gxh3 gxh3 30. Bxh3 Qf7 31. Re2 Qh5 32. Bf1 Ng4 33. Bg3 Ndf6 34. e4 Bh6 35. Rde1 Rg8 36. Bg2 Bf4 37. Bf3 Qg5 38. Bg2 Nh5 39. Bh3 Nxf2 40. Rxf2 Qxg3+ 41. Rg2 Qxe1# 0-1

[Event "Espalion op 2nd"]
[Site "Espalion"]
[Date "2017.07.22"]
[Round "9"]
[White "Lagunes, Robin"]
[Black "Grichkevitch, Gilles"]
[Result "1-0"]
[WhiteElo "1893"]
[BlackElo "1990"]
[PlyCount "47"]
[EventDate "2017.07.15"]
[EventType "swiss"]
[EventRounds "9"]
[EventCountry "FRA"]
[SourceTitle "CBM 179 Extra"]
[Source "ChessBase"]
[SourceDate "2017.08.23"]
[SourceVersion "1"]
[SourceVersionDate "2017.08.23"]
[SourceQuality "1"]

1. e4 c5 2. Nf3 e6 3. d4 cxd4 4. Nxd4 Nc6 5. Nc3 Nf6 6. Nxc6 bxc6 7. e5 Nd5 8. Ne4 Qc7 9. f4 Rb8 10. c4 Bb4+ 11. Kf2 f5 12. Nd6+ Bxd6 13. exd6 Qb6+ 14. Kf3 Nf6 15. b3 Ne4 16. Qe1 c5 17. Bb2 Bb7 18. Bxg7 Rg8 19. Be5 Qc6 20. Ke3 a5 21. Rd1 a4 22. Qh4 Ng5 23. fxg5 axb3 24. g6 1-0

[Event "Espalion op 2nd"]
[Site "Espalion"]
[Date "2017.07.17"]
[Round "3"]
[White "Masson, Valentin"]
[Black "Grichkevitch, Gilles"]
[Result "1/2-1/2"]
[WhiteElo "1733"]
[BlackElo "1990"]
[PlyCount "69"]
[EventDate "2017.07.15"]
[EventType "swiss"]
[EventRounds "9"]
[EventCountry "FRA"]
[SourceTitle "CBM 179 Extra"]
[Source "ChessBase"]
[SourceDate "2017.08.23"]
[SourceVersion "1"]
[SourceVersionDate "2017.08.23"]
[SourceQuality "1"]

1. d4 Nf6 2. Bf4 g6 3. e3 Bg7 4. h3 d6 5. Nf3 0-0 6. Be2 e6 7. c4 Ne4 8. Nbd2 Nxd2 9. Qxd2 Qe7 10. Bh2 f5 11. 0-0 Nd7 12. Rac1 b6 13. b4 Nf6 14. Qc2 a5 15. a3 axb4 16. axb4 Ne4 17. Nd2 Nxd2 18. Qxd2 e5 19. c5 f4 20. dxe5 dxe5 21. exf4 bxc5 22. Rxc5 Be6 23. fxe5 Ra2 24. Qe3 Rb2 25. Rfc1 Qh4 26. b5 Bh6 27. f4 Rxf4 28. Bxf4 Bxf4 29. Qd3 Bxc1 30. Rxc1 Rb3 31. Qd2 Rxh3 32. gxh3 Qg3+ 33. Kh1 Qxh3+ 34. Kg1 Qg3+ 35. Kh1 1/2-1/2

[Event "Espalion op 2nd"]
[Site "Espalion"]
[Date "2017.07.16"]
[Round "2"]
[White "Grichkevitch, Gilles"]
[Black "Cornette, Matthieu"]
[Result "0-1"]
[WhiteElo "1990"]
[BlackElo "2606"]
[PlyCount "72"]
[EventDate "2017.07.15"]
[EventType "swiss"]
[EventRounds "9"]
[EventCountry "FRA"]
[SourceTitle "CBM 179 Extra"]
[Source "ChessBase"]
[SourceDate "2017.08.23"]
[SourceVersion "1"]
[SourceVersionDate "2017.08.23"]
[SourceQuality "1"]

1. e4 c5 2. Nf3 Nc6 3. Bb5 e6 4. 0-0 Nge7 5. Re1 Nd4 6. Nxd4 cxd4 7. c3 a6 8. Bd3 Nc6 9. cxd4 Nxd4 10. Nc3 Bc5 11. e5 d5 12. b4 Ba7 13. Qg4 0-0 14. Bb2 f5 15. Qh3 Qb6 16. a3 Nb3 17. Rad1 a5 18. Qh4 Bd7 19. Ne2 axb4 20. axb4 Nc5 21. Bd4 Qxb4 22. Rb1 Qxd2 23. Red1 Qa5 24. Ra1 Qc7 25. Rdc1 b6 26. Rc3 Bc6 27. Nf4 Qd7 28. Rca3 Nxd3 29. Nxd3 Bb5 30. Nf4 Rac8 31. Nxe6 Qxe6 32. Rxa7 Rc4 33. Qg3 Bd7 34. Qe3 f4 35. Qd2 f3 36. R7a3 Qg4 0-1

[Event "Calvia Amateur op 13th"]
[Site "Calvia"]
[Date "2016.10.15"]
[Round "8"]
[White "Grichkevitch, Gilles"]
[Black "Jekabsons, Ivars"]
[Result "0-1"]
[WhiteElo "2016"]
[BlackElo "2126"]
[PlyCount "72"]
[EventDate "2016.10.08"]
[EventType "swiss"]
[EventRounds "9"]
[EventCountry "ESP"]
[SourceTitle "CBM 175 Extra"]
[Source "ChessBase"]
[SourceDate "2016.12.12"]
[SourceVersion "1"]
[SourceVersionDate "2016.12.12"]
[SourceQuality "1"]

1. e4 c5 2. Nf3 Nc6 3. d4 cxd4 4. Nxd4 g6 5. Nb3 Bg7 6. Nc3 Nf6 7. Be2 0-0 8. Be3 b6 9. Qd2 Bb7 10. f4 d5 11. e5 Ne4 12. Nxe4 dxe4 13. 0-0-0 Bh6 14. Qc3 Qc7 15. Nd4 Rac8 16. Nb5 Qb8 17. Bg4 Rcd8 18. h4 Rxd1+ 19. Rxd1 Rd8 20. h5 Rxd1+ 21. Bxd1 Qd8 22. g4 Qd5 23. Be2 Qxa2 24. g5 Bf8 25. Na3 e6 26. hxg6 hxg6 27. Bc4 Qa1+ 28. Nb1 Qa5 29. Qxa5 Nxa5 30. Bf1 Nc6 31. Bg2 Ne7 32. Kd2 Nf5 33. Na3 Nxe3 34. Kxe3 Bc5+ 35. Ke2 Ba6+ 36. Ke1 Be3 0-1

[Event "Calvia Amateur op 13th"]
[Site "Calvia"]
[Date "2016.10.10"]
[Round "3"]
[White "Ballesteros Gonzalez, David"]
[Black "Grichkevitch, Gilles"]
[Result "1/2-1/2"]
[WhiteElo "2167"]
[BlackElo "2016"]
[PlyCount "70"]
[EventDate "2016.10.08"]
[EventType "swiss"]
[EventRounds "9"]
[EventCountry "ESP"]
[SourceTitle "CBM 175 Extra"]
[Source "ChessBase"]
[SourceDate "2016.12.12"]
[SourceVersion "1"]
[SourceVersionDate "2016.12.12"]
[SourceQuality "1"]

1. d4 Nf6 2. Nf3 g6 3. Nc3 Bg7 4. e4 d5 5. e5 Ne4 6. Nxe4 dxe4 7. Ng5 c5 8. Bc4 0-0 9. c3 cxd4 10. cxd4 b5 11. Bb3 Bb7 12. Be3 h6 13. Nh3 Nc6 14. 0-0 Na5 15. Bc2 Nc4 16. Qg4 Qc8 17. Qe2 a6 18. Nf4 Nxb2 19. e6 g5 20. exf7+ Rxf7 21. Nh5 Nc4 22. h4 gxh4 23. Nxg7 Rxg7 24. Bxh6 Rg6 25. Qh5 Qg4 26. Qxg4 Rxg4 27. Kh2 Rd8 28. Be3 Rd6 29. Bb3 Bd5 30. Bxc4 Bxc4 31. Rg1 Rdg6 32. a3 Kf7 33. Rac1 Ke6 34. Kh3 Kd7 35. Rce1 Be6 1/2-1/2

[Event "Teplice op 11th"]
[Site "Teplice"]
[Date "2016.06.11"]
[Round "1"]
[White "Grichkevitch, Gilles"]
[Black "Beliavsky, Alexander G"]
[Result "0-1"]
[WhiteElo "2050"]
[BlackElo "2603"]
[PlyCount "56"]
[EventDate "2016.06.11"]
[EventType "swiss"]
[EventRounds "9"]
[EventCountry "CZE"]
[SourceTitle "CBM 173 Extra"]
[Source "ChessBase"]
[SourceDate "2016.08.29"]
[SourceVersion "1"]
[SourceVersionDate "2016.08.29"]
[SourceQuality "1"]

1. e4 c5 2. Nf3 d6 3. d4 cxd4 4. Nxd4 Nf6 5. Nc3 a6 6. Bg5 Nbd7 7. Qd2 h6 8. Bh4 e6 9. Be2 Nc5 10. Qe3 b5 11. b4 Ncd7 12. 0-0 g5 13. Bg3 Bb7 14. a4 bxa4 15. Rxa4 Qb6 16. f3 Bg7 17. Bf2 0-0 18. Qd2 Qc7 19. Ra3 Nb6 20. Na4 Nxa4 21. Rxa4 d5 22. exd5 Nxd5 23. c4 Nf4 24. c5 Rfd8 25. b5 axb5 26. Rxa8 Bxa8 27. Qa2 Bxd4 28. Qd2 Bg7 0-1

[Event "Calvia Amateur op 12th"]
[Site "Calvia"]
[Date "2015.10.18"]
[Round "9"]
[White "Grichkevitch, Gilles"]
[Black "Hajenius, Willem"]
[Result "1-0"]
[WhiteElo "2047"]
[BlackElo "1923"]
[PlyCount "63"]
[EventDate "2015.10.10"]
[EventType "swiss"]
[EventRounds "9"]
[EventCountry "ESP"]
[SourceTitle "EXT 2019"]
[Source "ChessBase"]
[SourceDate "2018.10.10"]
[SourceVersion "1"]
[SourceVersionDate "2018.10.10"]
[SourceQuality "1"]

1. e4 c5 2. Nf3 Nf6 3. Nc3 Nc6 4. Bb5 Nd4 5. e5 Nxb5 6. Nxb5 Nd5 7. Ng5 e6 8. Ne4 a6 9. Nbd6+ Bxd6 10. Nxd6+ Kf8 11. d3 Qe7 12. c4 Nc7 13. Qf3 Kg8 14. Bg5 Qf8 15. 0-0-0 Ne8 16. Nxc8 Rxc8 17. Qxb7 Rc7 18. Qxa6 h6 19. Be3 Rc6 20. Qa8 Qe7 21. d4 cxd4 22. Rxd4 Kh7 23. Qa4 Nc7 24. Qc2+ g6 25. Qd2 Nd5 26. Bxh6 Rhc8 27. b3 Kg8 28. Bg5 Qa3+ 29. Kb1 Nb6 30. Rc1 Rb8 31. Qb2 Qb4 32. c5 1-0

[Event "Prague Summer op 2nd"]
[Site "Prague"]
[Date "2015.08.14"]
[Round "9"]
[White "Schleich, Markus"]
[Black "Grichkevitch, Gilles"]
[Result "1-0"]
[WhiteElo "2238"]
[BlackElo "2061"]
[PlyCount "71"]
[EventDate "2015.08.07"]
[EventType "swiss"]
[EventRounds "9"]
[EventCountry "CZE"]
[SourceTitle "CBM 167 Extra"]
[Source "ChessBase"]
[SourceDate "2015.09.14"]
[SourceVersion "1"]
[SourceVersionDate "2015.09.14"]
[SourceQuality "1"]

1. e4 c5 2. Nf3 Nc6 3. Bb5 Nf6 4. Bxc6 dxc6 5. d3 g6 6. h3 Bg7 7. Nc3 0-0 8. Be3 Nd7 9. Qd2 e5 10. 0-0 Qe7 11. a3 a5 12. Ne2 Kh8 13. Bh6 f6 14. Bxg7+ Kxg7 15. Nh2 Nb6 16. f4 Bd7 17. Nf3 c4 18. d4 exf4 19. Qxf4 Nc8 20. Rae1 b5 21. Qd2 b4 22. axb4 axb4 23. Nf4 Ra2 24. e5 Rxb2 25. exf6+ Qxf6 26. Ng5 Rxc2 27. Qe3 Bf5 28. Nfe6+ Kg8 29. Nxf8 Qxf8 30. Rxf5 gxf5 31. Qe6+ Kg7 32. Qd7+ Kg6 33. h4 h6 34. Qxc6+ Kh5 35. Qf3+ Kxh4 36. Ne6 1-0

[Event "Rethymno op 6th"]
[Site "Rethymno"]
[Date "2014.07.16"]
[Round "6"]
[White "Pap, Misa"]
[Black "Grichkevitch, Gilles"]
[Result "1-0"]
[WhiteElo "2514"]
[BlackElo "2050"]
[PlyCount "87"]
[EventDate "2014.07.12"]
[EventType "swiss"]
[EventRounds "9"]
[EventCountry "GRE"]
[SourceTitle "CBM 161 Extra"]
[Source "ChessBase"]
[SourceDate "2014.08.29"]
[SourceVersion "1"]
[SourceVersionDate "2014.08.29"]
[SourceQuality "1"]

1. e4 c5 2. Nf3 e6 3. d4 cxd4 4. Nxd4 Nc6 5. Nc3 Nf6 6. Ndb5 d6 7. Bf4 e5 8. Bg5 a6 9. Na3 b5 10. Bxf6 gxf6 11. Nd5 Bg7 12. c3 f5 13. exf5 Bxf5 14. Nc2 Be6 15. Nce3 Ne7 16. Be2 Nxd5 17. Nxd5 0-0 18. 0-0 Rb8 19. Qd2 a5 20. a3 f5 21. a4 bxa4 22. Rxa4 Kh8 23. Bc4 Rc8 24. Rd1 Bd7 25. Bb3 Bxa4 26. Bxa4 Rc4 27. Bb5 Rh4 28. g3 Rh6 29. b4 f4 30. Bf1 axb4 31. cxb4 Qc8 32. Qe2 f3 33. Qe4 Qf5 34. h3 Qf7 35. b5 Qd7 36. Kh2 Qc8 37. b6 Bf6 38. Qe3 Rg6 39. Rc1 Qd8 40. Qe4 Bg7 41. b7 Qb8 42. Ne7 Rh6 43. Rc8 Qa7 44. Qxf3 1-0

[Event "Teplice op 8th"]
[Site "Teplice"]
[Date "2013.06.22"]
[Round "8"]
[White "Bures, Jaroslav"]
[Black "Grichkevitch, Gilles"]
[Result "1-0"]
[WhiteElo "2399"]
[BlackElo "2155"]
[PlyCount "89"]
[EventDate "2013.06.15"]
[EventType "swiss"]
[EventRounds "9"]
[EventCountry "CZE"]
[SourceTitle "CBM 155 Extra"]
[Source "ChessBase"]
[SourceDate "2013.08.26"]
[SourceVersion "1"]
[SourceVersionDate "2013.08.26"]
[SourceQuality "1"]

1. d4 Nf6 2. c4 g6 3. Nc3 Bg7 4. e4 d6 5. Nf3 0-0 6. Be2 Nbd7 7. 0-0 e5 8. Be3 c6 9. d5 c5 10. Ne1 Kh8 11. g4 Ng8 12. Kh1 f5 13. gxf5 gxf5 14. exf5 Nh6 15. Bxh6 Bxh6 16. Bd3 Nf6 17. Ng2 Rg8 18. Qf3 Bd7 19. Qh3 Qf8 20. f4 exf4 21. Nxf4 Bxf4 22. Rxf4 Re8 23. Ne2 Rg7 24. Rh4 b5 25. b3 bxc4 26. bxc4 Qe7 27. Rf1 Qe5 28. Nc1 Rf8 29. Rh6 Rfg8 30. Qf3 Ng4 31. Rh5 Rg5 32. Rxg5 Rxg5 33. h3 Nf6 34. Ne2 Be8 35. Qf4 Rh5 36. Kg2 Bd7 37. Qxe5 dxe5 38. Ng3 Rg5 39. Kh2 Kg7 40. Re1 e4 41. Bxe4 h5 42. Bb1 h4 43. Ne4 Nxe4 44. Rxe4 Bxf5 45. Re5 1-0

[Event "Teplice op 8th"]
[Site "Teplice"]
[Date "2013.06.20"]
[Round "6"]
[White "Dolezal, Radoslav1111"]
[Black "Grichkevitch, Gilles"]
[Result "1/2-1/2"]
[WhiteElo "1933"]
[BlackElo "2155"]
[PlyCount "52"]
[EventDate "2013.06.15"]
[EventType "swiss"]
[EventRounds "9"]
[EventCountry "CZE"]
[SourceTitle "CBM 155 Extra"]
[Source "ChessBase"]
[SourceDate "2013.08.26"]
[SourceVersion "1"]
[SourceVersionDate "2013.08.26"]
[SourceQuality "1"]

1. e4 c5 2. c3 e6 3. d4 d5 4. exd5 exd5 5. Nf3 Nc6 6. Be2 Bd6 7. 0-0 Nf6 8. Bg5 Be6 9. Nbd2 0-0 10. dxc5 Bxc5 11. Nb3 Bb6 12. Nbd4 a6 13. Qd2 Bc7 14. Rfe1 h6 15. Bh4 Nb8 16. Bd3 Bg4 17. Ne5 Bxe5 18. Rxe5 Nbd7 19. Ree1 Qb6 20. f3 Be6 21. Re2 Nh7 22. Rae1 Rfe8 23. Bf2 Qd6 24. Bg3 Qb6 25. Bf2 Qd6 26. Bg3 Qb6 1/2-1/2

[Event "Teplice op 8th"]
[Site "Teplice"]
[Date "2013.06.18"]
[Round "4"]
[White "Biolek, Richard"]
[Black "Grichkevitch, Gilles"]
[Result "1-0"]
[WhiteElo "2412"]
[BlackElo "2155"]
[PlyCount "52"]
[EventDate "2013.06.15"]
[EventType "swiss"]
[EventRounds "9"]
[EventCountry "CZE"]
[SourceTitle "CBM 155 Extra"]
[Source "ChessBase"]
[SourceDate "2013.08.26"]
[SourceVersion "1"]
[SourceVersionDate "2013.08.26"]
[SourceQuality "1"]

1. d4 Nf6 2. c4 g6 3. Nc3 Bg7 4. e4 d6 5. Nf3 0-0 6. Be2 e5 7. 0-0 Nc6 8. d5 Ne7 9. b4 a5 10. Ba3 b6 11. bxa5 Ne8 12. Bb4 bxa5 13. Ba3 h6 14. c5 f5 15. Nd2 dxc5 16. Bxc5 Nd6 17. Re1 Kh8 18. Ba3 Rf7 19. Nb5 Nxb5 20. Bxb5 fxe4 21. Nxe4 Bb7 22. d6 Nf5 23. dxc7 Qxc7 24. Nd6 Nxd6 25. Qxd6 Re8 26. Qxg6 Ree7 1-0

[Event "Teplice op 8th"]
[Site "Teplice"]
[Date "2013.06.16"]
[Round "2"]
[White "Smirnov, Artem"]
[Black "Grichkevitch, Gilles"]
[Result "1-0"]
[WhiteElo "2422"]
[BlackElo "2155"]
[PlyCount "57"]
[EventDate "2013.06.15"]
[EventType "swiss"]
[EventRounds "9"]
[EventCountry "CZE"]
[SourceTitle "CBM 155 Extra"]
[Source "ChessBase"]
[SourceDate "2013.08.26"]
[SourceVersion "1"]
[SourceVersionDate "2013.08.26"]
[SourceQuality "1"]

1. d4 Nf6 2. Bg5 c5 3. d5 Ne4 4. Bf4 Qb6 5. Bc1 e5 6. f3 Nd6 7. e4 f5 8. exf5 Nxf5 9. c4 Be7 10. Nc3 0-0 11. Bd3 Nd4 12. Nge2 Bh4+ 13. Ng3 d6 14. 0-0 Bxg3 15. hxg3 Nd7 16. g4 Nf6 17. Qe1 Qc7 18. Ne4 Nxe4 19. Qxe4 g6 20. Bh6 Re8 21. Rae1 Bd7 22. Qe3 b5 23. b3 bxc4 24. bxc4 Qd8 25. Bg5 Qc7 26. Bf6 Rf8 27. Qg5 Be8 28. f4 h6 29. Qh4 1-0

[Event "Grosseto op 2nd"]
[Site "Grosseto"]
[Date "2013.05.11"]
[Round "5"]
[White "Giannoni, Massimo"]
[Black "Grichkevitch, Gilles"]
[Result "0-1"]
[WhiteElo "1918"]
[BlackElo "2153"]
[PlyCount "70"]
[EventDate "2013.05.09"]
[EventType "swiss"]
[EventRounds "6"]
[EventCountry "ITA"]
[SourceTitle "CBM 154 Extra"]
[Source "ChessBase"]
[SourceDate "2013.06.25"]
[SourceVersion "2"]
[SourceVersionDate "2013.06.25"]
[SourceQuality "1"]

1. Nf3 Nf6 2. c4 g6 3. g3 Bg7 4. Bg2 d6 5. d4 0-0 6. 0-0 Nc6 7. Nc3 a6 8. e4 Rb8 9. Re1 b5 10. e5 dxe5 11. dxe5 Qxd1 12. Nxd1 Ng4 13. Bf4 Nb4 14. Re2 Be6 15. cxb5 axb5 16. h3 Nh6 17. a3 Bc4 18. Rd2 Nd5 19. Be3 Nf5 20. Bc5 Bh6 21. Ne3 Nfxe3 22. fxe3 Nxe3 23. Rd7 Nxg2 24. Kxg2 Be6 25. Rxc7 Rfc8 26. Rxc8+ Rxc8 27. Bd4 Rc2+ 28. Kg1 Bd5 29. Rf1 e6 30. Rf2 Rc1+ 31. Kh2 Rd1 32. h4 Bxf3 33. Rxf3 Rxd4 34. Rb3 Rd5 35. Kh3 Rxe5 0-1

[Event "Grosseto op 2nd"]
[Site "Grosseto"]
[Date "2013.05.10"]
[Round "3"]
[White "Grichkevitch, Gilles"]
[Black "Pacini, Ermanno"]
[Result "1-0"]
[WhiteElo "2153"]
[BlackElo "1869"]
[PlyCount "55"]
[EventDate "2013.05.09"]
[EventType "swiss"]
[EventRounds "6"]
[EventCountry "ITA"]
[SourceTitle "CBM 154 Extra"]
[Source "ChessBase"]
[SourceDate "2013.06.25"]
[SourceVersion "2"]
[SourceVersionDate "2013.06.25"]
[SourceQuality "1"]

1. e4 e5 2. d4 exd4 3. Qxd4 Nc6 4. Qe3 Nf6 5. Nc3 Bb4 6. Bd2 0-0 7. 0-0-0 Re8 8. Qg3 Rxe4 9. a3 Bxc3 10. Bxc3 d5 11. f3 Re8 12. h4 Nh5 13. Qf2 Qd6 14. Ne2 d4 15. g4 Nf4 16. Nxd4 Nxd4 17. Rxd4 Qb6 18. Qd2 Ne6 19. Rd5 c5 20. Bc4 Rd8 21. Rd1 Rxd5 22. Qxd5 Qc7 23. Kb1 Qc6 24. Qd8+ Nf8 25. Bd5 Qd7 26. Qg5 Ne6 27. Qe5 Qc7 28. Bxe6 1-0

[Event "Calvia Amateur op 9th"]
[Site "Calvia"]
[Date "2012.10.12"]
[Round "7"]
[White "Garrido Lluy, Javier"]
[Black "Grichkevitch, Gilles"]
[Result "0-1"]
[WhiteElo "1835"]
[BlackElo "2137"]
[PlyCount "54"]
[EventDate "2012.10.06"]
[EventType "swiss"]
[EventRounds "9"]
[EventCountry "ESP"]
[SourceTitle "EXT 2013"]
[Source "ChessBase"]
[SourceDate "2012.11.22"]
[SourceVersion "1"]
[SourceVersionDate "2012.11.22"]
[SourceQuality "1"]

1. e4 c5 2. Nf3 e6 3. c3 Nc6 4. d4 d5 5. e5 Qb6 6. Be2 f6 7. 0-0 fxe5 8. dxe5 Nh6 9. Re1 Nf7 10. a4 c4 11. Na3 Bc5 12. Rf1 0-0 13. Nb5 Nfxe5 14. Nxe5 Nxe5 15. Nd4 Bd7 16. a5 Qd8 17. Be3 Bd6 18. f4 Ng6 19. f5 exf5 20. Nxf5 Bxh2+ 21. Kxh2 Bxf5 22. Bd4 Qh4+ 23. Kg1 Be4 24. Bf3 Nf4 25. Bxe4 dxe4 26. Bf2 Qg5 27. g3 e3 0-1